000 nam a22 7a 4500
999 _c9797
_d9797
008 180208b ||||| |||| 00| 0 eng d
100 _aOrwell, G
_95892
245 _aAnimal form a fairy stay
260 _aNew Delhi
_bOm Book Publication
_c2011